000 00487nam a2200181 a 4500
001 1773825107486
003 YourLibrary
005 20260318144535.0
008 260318s2007##################000#0#eng##
020 _a9781418038175
082 0 4 _a362.1876ELL
100 1 _aElling, Bob,
_eauthor.
245 1 0 _aWhy-Driven EMS Review :
260 _bDelmar Thomson Learning,
_c2007.
650 0 _aEmergency medical services.
942 _cENGLISH
040 _aYourLibrary
_beng
_cYourLibrary
999 _c617872
_d617872